00402nam a2200133Ia 4500008004100000020001500041041001200056082001600068100001800084245010500102260003700207300000800244650001600252221030s9999 xx 000 0 und d a8187433299 aEnglish a105.23bChh aB. S. Chhabra 4aThe Intel 8086/8088 Microprocessor, Architecture, Programming Design & Interfacingcby B. S. Chhabra bDhanpat Rai PubaNew Delhic2000 a545 aBE Computer